| 000 | 01142nam a2200313 a 4500 | ||
|---|---|---|---|
| 001 | 000109839 | ||
| 003 | CHAP | ||
| 005 | 20220329144106.0 | ||
| 008 | 140602s2014 mx sm |||||||spa d | ||
| 010 | _a106301 | ||
| 011 | _a107273 | ||
| 040 | _cCHAP | ||
| 090 | _aTesis | ||
| 100 | 1 |
_aCorona Viana, Marco Antonio _9127173 |
|
| 245 | 1 | 0 |
_aAnálisis de la cadena productiva, el mercado nacional y mundial de trigo 2012 _h[En línea] _cpor Marco Antonio Corona Viana. |
| 260 |
_aChapingo, Méx. : _bEl autor, _c2014. |
||
| 500 | _aPara ver el contenido del material haga clic en la liga | ||
| 502 | _aTesis (Lic. en Economía Agrícola) -- UACH. Departamento División de Ciencias Económico Administrativas | ||
| 590 |
_aBATCH-UPD _b05 _c20141002 _lUCH01 _h0904 |
||
| 590 |
_aE5765TAJ _b05 _c20140602 _lUCH01 _h1154 |
||
| 590 |
_aE5765TAJ _b05 _c20140602 _lUCH01 _h1154 |
||
| 650 | 1 | 4 |
_aTrigo _xAspectos económicos. _9114967 |
| 650 | 1 | 4 |
_aTrigo _xMercadeo. _9115058 |
| 650 | 1 | 4 |
_aTrigo _xProducción. _9115082 |
| 856 |
_aFinding aid _uhttp://10.13.5.2/tesis/sist109839.pdf _zTeclea aquí |
||
| 901 | _aBK | ||
| 942 | _cTESIS | ||
| 942 | _n0 | ||
| 999 |
_c106301 _d106301 |
||